000 00536nam a2200169Ia 4500
003 IN-BaIIA
008 211028s9999 xx 000 0 eng d
040 _cIIA Library
080 _a083:520.2(540)
_bSOH
100 _aSohoni, V. V
_92662
245 0 _aClimatological tables of observatories in india
_cV. V. Sohoni
260 _aDelhi
_bManager of Publications
_c1953
650 _aClimatology-Tables
_92663
650 _aNASA Thesaurus
650 _aTables-Climatology
_92664
942 _cBK
999 _c1282
_d1282